Statistics for Click The Beach Boys Song Title Ending

Click here to take the quiz!

General Stats

  • This quiz has been taken 96 times
  • The average score is 21 of 25

Answer Stats

HintAnswer% Correct
God OnlyKnows
100%
Wouldn't It BeNice
100%
CaliforniaGirls
99%
GoodVibrations
97%
Heroes andVillains
97%
All SummerLong
96%
Surfin'U.S.A.
95%
Do ItAgain
94%
BarbaraAnn
94%
I GetAround
92%
I Can HearMusic
91%
Catch aWave
91%
Then I KissedHer
88%
Don't WorryBaby
85%
Help Me,Rhonda
83%
Sail On,Sailor
83%
Let's Go AwayFor A While
81%
Little DeuceCoupe
79%
In MyRoom
79%
That's NotMe
77%
SloopJohn B
72%
WildHoney
59%
Be True to YourSchool
49%
Caroline,No
47%
LittleHonda
46%

Score Distribution

Percentile by Number Answered

Percent of People with Each Score

Your Score History

You have not taken this quiz